Library Banner

As a peace-loving global citizen / (Record no. 98266)

MARC details
000 -LEADER
fixed length control field 00449nam a22001577a 4500
005 - DATE AND TIME OF LATEST TRANSACTION
control field 20170919112448.0
008 - FIXED-LENGTH DATA ELEMENTS--GENERAL INFORMATION
fixed length control field 170919b xxu||||| |||| 00| 0 eng d
020 ## - INTERNATIONAL STANDARD BOOK NUMBER
International Standard Book Number 9780988487901
040 ## - CATALOGING SOURCE
Transcribing agency PK-LaUMT
082 ## - DEWEY DECIMAL CLASSIFICATION NUMBER
Classification number 289.96092
Item number MOO-A
100 ## - MAIN ENTRY--PERSONAL NAME
Personal name Moon, Revered Sun Myung
245 ## - TITLE STATEMENT
Title As a peace-loving global citizen /
Statement of responsibility, etc Revered Sun Myung Moon
260 ## - PUBLICATION, DISTRIBUTION, ETC. (IMPRINT)
Place of publication, distribution, etc Seoul, Korea :
Name of publisher, distributor, etc Gimm-Young Publishing, Inc.,
Date of publication, distribution, etc 2009
300 ## - PHYSICAL DESCRIPTION
Extent 343 p.
942 ## - ADDED ENTRY ELEMENTS (KOHA)
Koha item type Books
Holdings
Withdrawn status Lost status Damaged status Home library Current library Date acquired Full call number Barcode Date last seen Price effective from Koha item type
      UMT Main Campus UMT Main Campus 2017-09-19 289.96092 MOO-A 113838 2017-09-19 2017-09-19 Books